| 000 | 01139nam a2200289Ia 4500 | ||
|---|---|---|---|
| 001 | ebr10068473 | ||
| 003 | CaPaEBR | ||
| 006 | m u | ||
| 007 | cr cn||||||||| | ||
| 008 | 020110s2001 dcu s 000 0 eng d | ||
| 010 | _z 48872877 | ||
| 020 | _z0309076250 | ||
| 040 |
_aCaPaEBR _cCaPaEBR |
||
| 035 | _a(OCoLC)81095433 | ||
| 041 | 0 | _aeng | |
| 050 | 1 | 4 |
_aRC569 _b.R57 2001eb |
| 245 | 0 | 0 |
_aRisk factors for suicide _h[electronic resource] : _bsummary of a workshop / _cprepared by Sara K. Goldsmith, Board on Neuroscience and Behavioral Health, Institute of Medicine. |
| 260 |
_aWashington, D.C. : _bNational Academy Press, _cc2001. |
||
| 300 | _axii, 21 p. | ||
| 533 |
_aElectronic reproduction. _bPalo Alto, Calif. : _cebrary, _d2009. _nAvailable via World Wide Web. _nAccess may be limited to ebrary affiliated libraries. |
||
| 650 | 0 | _aSuicide. | |
| 650 | 0 | _aSuicidal behavior. | |
| 655 | 7 |
_aElectronic books. _2local |
|
| 700 | 1 | _aGoldsmith, Sara K. | |
| 710 | 2 | _aebrary, Inc. | |
| 856 | 4 | 0 |
_uhttp://site.ebrary.com/lib/rucke/Doc?id=10068473 _zAn electronic book accessible through the World Wide Web; click to view |
| 999 |
_c41615 _d41615 |
||